000 02259nam a22004697a 4500
003 CHAP
005 20220329133804.0
008 971013s1960 mx a r 00010 spa d
010 _a10919
011 _a11891
035 _a11663
040 _cCHAP
082 0 4 _a972.081
_bS55
100 0 0 _aSilva Herzog, Jesús.
_9106007
245 1 _aBreve historia de la revolución mexicana
260 _aMéxico, D. F. :
_bFondo de Cultura Económica,
_c1960
300 _a2 v.
_b: ilus.
490 _aColección popular
_v; 17
505 0 _aContenido : v.1 Los antecedentes y la etapa maderista.--v.2 La etapa constitucionalista y la lucha de facciones
590 _aBATCH-UPD
_b10
_c20130110
_lUCH01
_h1610
590 _aBATCH-UPD
_b10
_c20130410
_lUCH01
_h1005
590 _aBATCH-UPD
_b10
_c20130914
_lUCH01
_h1005
590 _aCONVERSION
_b10
_c20130109
_lUCH01
_h1307
650 1 4 _aMéxico
_xHistoria
_xPorfiriato.
_976764
650 1 4 _aMéxico
_xHistoria
_xRevolución.
_976768
830 0 _aColección popular
_v; 17
_924953
901 _aBK
942 _cLIBRO
949 _a972.081 S55
_bBC
_cLIBRO
_d-139362
_eLIBRO
_fv.1 c.4
_h40348
_i11663
_si
_t90.00
949 _a972.081 S55
_bBC
_cLIBRO
_d-139364
_eLIBRO
_fv.1 c.6
_h51327
_i11663
_si
_t90.00
949 _a972.081 S55
_bBC
_cLIBRO
_d-139365
_eLIBRO
_fv.1 c.7
_h51331
_i11663
_si
_t90.00
949 _a972.081 S55
_bBC
_cLIBRO
_d33724000148045
_eLIBRO
_fv.2
_h51328
_i11663
_si
_t90.00
949 _a972.081 S55
_bBC
_cLIBRO
_d33724000148052
_eLIBRO
_fv.2 c.2
_h11563
_i11663
_si
_t90.00
949 _a972.081 S55
_bBC
_cLIBRO
_d33724000148060
_eLIBRO
_fv.2 c.3
_h40349
_i11663
_si
_t90.00
949 _a972.081 S55
_bBC
_cLIBRO
_d33724000148078
_eLIBRO
_fv.2 c.4
_h51328
_i11663
_si
_t90.00
949 _a972.081 S55
_bBC
_cLIBRO
_d33724000148086
_eLIBRO
_fv.2 c.5
_h51329
_i11663
_si
_t90.00
949 _a972.081 S55
_bBC
_cLIBRO
_d33724000148094
_eLIBRO
_fv.2 c.6
_h51330
_i11663
_si
_t90.00
949 _a972.081 S55
_bBC
_cLIBRO
_d33724000148102
_eLIBRO
_fv.2 c.7
_h51327
_i11663
_si
_t90.00
949 _a972.081 S55
_bBC
_cLIBRO
_d33724000610523
_eLIBRO
_fv.1 c.2
_h14096
_i11663
_si
_t90.00
949 _a972.081 S55
_bBC
_cLIBRO
_d33724000731725
_eLIBRO
_fv.1
_h51285
_i11663
_si
_t90.00
949 _a972.081 S55
_bBC
_cLIBRO
_d33724000745766
_eLIBRO
_fv.1 c.5
_h51286
_i11663
_si
_t90.00
999 _c10919
_d10919